000 00869nam a2200241 i 4500
001 185326
003 SpMaBN
005 20231130180408.0
008 160520s2015 sp |||| | spa d
020 _a978-84-16-61110-2
080 _a336.714(460.27 M.)
100 1 _aHernán, Mila.
_9159587
245 1 3 _aEl saqueo de Afinsa
_b: una intervención político-financiera de diseño /
_cMila Hernán Álvarez.
250 _aNueva ed. corr. y aum.
260 _aSevilla :
_bPunto Rojo Libros,
_c2015.
300 _a574, 4 p. ;
_c24 cm.
610 2 7 _aAfinsa Bienes Tangibles.
_9159588
610 2 7 _aFórum Filatélico.
_9159589
852 _aES-MaACL
_jA-13766
_bR.151016
_cDEPO1
_dOlim: N-6766
_gDedicatoria autógrafa de la autora
_hDonación: Mila Hernán Álvarez
903 _9159587
_aHernán, Mila
_ednr
942 _2udc
_cMONOGRAFIA
999 _c185326
_d185326